Statistiques concernant Billie Eilish - No time to die

Cliquez ici pour prendre le quiz!

Statistiques générales

  • Ce quiz a été pris 151 fois
    (147 depuis la dernière actualisation)
  • Le résultat moyen est 157 sur 185

Statistiques - réponses

HintRéponse% Correct
Couplet 1 | Couplet 2I
99%
Post-refrainNo
97%
no
97%
a
96%
to
96%
die.
95%
die,
95%
the
95%
time
95%
you ?
94%
you
94%
You
94%
Just
93%
just
93%
there
93%
me
91%
on
91%
my
90%
never
90%
We
89%
cry.
88%
is
88%
once,
88%
or
88%
paradise ?
88%
twice.
88%
were
88%
Are
87%
fool
87%
Fool
87%
for
87%
lie.
87%
see
87%
side.
87%
fallen
86%
but
85%
love
84%
life,
83%
life
83%
alone.
82%
death
82%
from
82%
know.
82%
That
82%
it
81%
Was
81%
away
80%
stupid
80%
let
79%
Now
79%
pair
79%
show.
79%
There's
79%
far
78%
I'd
78%
burn.
77%
else ?
77%
reckless
77%
saw
77%
blood
76%
leave
76%
everybody
75%
concern,
74%
obvious
74%
you'll
74%
much
73%
too
73%
You're
73%
bleed
72%
help ?
72%
fair.
71%
longer
71%
bear.
67%
Should've
67%
return.
66%
Faces
64%
goes
64%
owe.
63%
learn.
62%
past
60%
Another
59%
lesson
59%
yet
57%
mmm.
39%
mmm
39%
ooh
38%

Distribution des résultats

Percentile par nombre de réponses

% des personnes avec chaque résultat

Votre développement - résultats

Vous n’avez pas pris ce quiz depuis la dernière actualisation